| 000 | 004380000a22001810004500 | ||
|---|---|---|---|
| 003 | MACL | ||
| 005 | 20160112141503.0 | ||
| 008 | 160112b xxu||||| |||| 00| 0 eng d | ||
| 040 |
_aMACL _cMACL |
||
| 041 | _aEnglish | ||
| 082 | _a923.2/KRI | ||
| 100 |
_aKrishnamurti, Y G _931365 |
||
| 245 | _aNeo Gandhism | ||
| 260 |
_bNalanda Publications _c1954 _aBombay |
||
| 350 | _a6 | ||
| 650 |
_aBiography _931366 |
||
| 942 |
_cBK _k923.2/KRI _2ddc |
||
| 999 |
_c36071 _d36071 |
||